000
00275nam a22001337a 4500
008
170622b xxu||||| |||| 00| 0 eng d
020
_a
0674624262
041
_a
eng
080
_a
32
100
_a
20
101
_a
SHP
245
_a
NIETZSCHE
_c
NEHAMAS, A
942
_2
udc
_c
BK
999
_c
18749
_d
18749